|
|
|
|
| LEADER |
00000cam a2200000 7i4500 |
| 001 |
0000006555 |
| 005 |
20021119093000.0 |
| 008 |
021119n |
| 020 |
|
|
|a 0673183319
|
| 050 |
0 |
0 |
|a HG4026
|b .P73
|
| 090 |
0 |
0 |
|a HG4026
|b .P73
|
| 100 |
0 |
|
|a Pringle, John J. ,
|e author
|
| 245 |
0 |
0 |
|a Essentials of managerial finance
|c John J. Pringle, Robert S. Harris
|
| 250 |
|
|
|a 2nd. ed.
|
| 260 |
2 |
|
|a Glenview, Ill. :
|b Scott, Foresman and Co. ,
|c / 1987
|
| 300 |
|
|
|a [811 p.] ; ;
|c 24 cm.
|
| 500 |
|
|
|a Includes bibliographies and index
|
| 650 |
|
0 |
|a Business enterprises
|x Finance
|
| 650 |
|
0 |
|a Corporations
|x Finance
|
| 700 |
0 |
|
|a Harris, Robert S. ,
|e author
|
| 999 |
|
|
|a 1000018128
|b Book
|c OPEN SHELF (30 DAYS)
|e Gong Badak Campus
|
| 999 |
|
|
|a 1000018129
|b Book
|c OPEN SHELF (30 DAYS)
|e Gong Badak Campus
|